000 00483nam a2200181Ia 4500
008 151202s9999||||xx |||||||||||||| ||und||
082 _bPNVM-83134
100 _aDIXON W. FRANKLIN.
245 _aRevenge of the desert phantom.
260 _bSIMON&SCHUSTER.
260 _c1985
300 _a157
600 _aDIXON W. FRANKLIN.
630 _aRevenge of the desert phantom.
700 _aDIXON W. FRANKLIN.
730 _aRevenge of the desert phantom.
942 _cBOOK
999 _c1347875
_d1347872